Normal view
MARC view
- BETE-54 / TC-29
Entry Geographic Name
001 - CONTROL NUMBER
- control field: 132910
003 - CONTROL NUMBER IDENTIFIER
- control field: NUST
005 - DATE AND TIME OF LATEST TRANSACTION
- control field: 20260126152544.0
008 - FIXED-LENGTH DATA ELEMENTS
- fixed length control field: 260126|| aca||aabn | a|a d
040 ## - CATALOGING SOURCE
- Original cataloging agency: NUST
- Transcribing agency: NUST
151 ## - HEADING--GEOGRAPHIC NAME
- Geographic name: BETE-54 / TC-29
670 ## - SOURCE DATA FOUND
- Source citation: Work cat.: (NUST): Farooqi, Ahsan Ali 132909, A Massive MIMO Antenna for 4G and 5G Communication /, June, 2021
